[Event "Halloween in July"]
[Site "SchemingMind.com"]
[Date "2007.08.05"]
[Round "-"]
[White "ivan"]
[Black "marble"]
[Result "1-0"]
[WhiteCountry "CRO"]
[BlackCountry "ENG"]
[WhiteElo "1723"]
[WhiteRD "72"]
[BlackElo "1679"]
[BlackRD "56"]
[GameID "115296"]

1. e4 e5 2. Nf3 Nc6 3. Nc3 Nf6 4. Nxe5 Nxe5 5. d4 Ng6 6. Bg5 Be7 7. Bc4 h6 8. Be3 O-O 9. e5 Nh7 10. O-O d6
11. exd6 Bxd6 12. Qh5 Nf6 13. Qxg6 Kh8 14. Bxf7 Bf5 15. Qxf5 Rxf7 16. Ne4 Qe7 17. Nxd6 Qxd6 18. c4 Raf8 19. d5 h5 20. Bd4 Ng4
21. Qxh5+ Nh6 22. Rae1 Rf5 23. Qh4 Rf4 24. Bxg7+ Kxg7 25. Re7+ Kh8 26. Qg5 Qf6 27. Qxf6+ R4xf6 28. Rxc7 Rb6 29. b3 Re8 30. Rd1 Nf5
31. Rf7 Nd4 32. Kf1 Ne2 33. Rf3 Rh6 34. h3 Re4 35. Re1 Ng1 36. Rxe4 Nxf3 37. gxf3 Rxh3 38. Ke2 Rh7 39. Re8+ Kg7 40. Re7+
1-0

[Event "Halloween in July"]
[Site "SchemingMind.com"]
[Date "2007.08.06"]
[Round "-"]
[White "Brerrabbit"]
[Black "ivan"]
[Result "0-1"]
[WhiteCountry "SCO"]
[BlackCountry "CRO"]
[WhiteElo "1378"]
[WhiteRD "69"]
[BlackElo "1681"]
[BlackRD "70"]
[GameID "115298"]

1. e4 e5 2. Nf3 Nc6 3. Nc3 Nf6 4. Nxe5 Nxe5 5. d4 Ng6 6. e5 Ng8 7. Bc4 d5 8. Bxd5 Bb4 9. Qf3 Be6 10. O-O Bxc3
11. bxc3 Bxd5 12. Qe3 N8e7 13. Qd3 Nc6 14. Qb5 Rb8 15. Be3 a6 16. Qd3 O-O 17. c4 Bxg2 18. Kxg2 Qh4 19. e6 fxe6 20. d5 Rbd8
21. Rab1 exd5 22. cxd5 Nce7 23. Bc5 Nf4+ 24. Kg1 Nxd3 25. cxd3 Qg5+ 26. Kh1 Qxd5+ 27. f3 Qxc5 28. Rxb7 Qc6
0-1

[Event "Halloween in July"]
[Site "SchemingMind.com"]
[Date "2007.08.04"]
[Round "-"]
[White "jtrochez1"]
[Black "ivan"]
[Result "0-1"]
[WhiteCountry "HON"]
[BlackCountry "CRO"]
[WhiteElo "1572"]
[WhiteRD "47"]
[BlackElo "1681"]
[BlackRD "70"]
[GameID "115299"]

1. e4 e5 2. Nf3 Nc6 3. Nc3 Nf6 4. Nxe5 Nxe5 5. d3 Bb4 6. Bd2 O-O 7. Be2 d6 8. h3 d5 9. O-O dxe4 10. Bg5 exd3
11. cxd3 h6 12. Nd5 Qxd5 13. Bxf6 gxf6 14. a3 Bd6 15. b4 Kh8 16. f4 Rg8 17. Bf3 Nxf3+ 18. Rxf3 Bf5 19. Qd2 Qd4+
0-1

[Event "Halloween in July"]
[Site "SchemingMind.com"]
[Date "2007.08.09"]
[Round "-"]
[White "ghanafeast"]
[Black "ivan"]
[Result "1/2-1/2"]
[WhiteCountry "GER"]
[BlackCountry "CRO"]
[WhiteElo "1648"]
[WhiteRD "92"]
[BlackElo "1746"]
[BlackRD "71"]
[GameID "115300"]

1. e4 e5 2. Nf3 Nc6 3. Nc3 Nf6 4. Nxe5 Nxe5 5. d4 Ng6 6. e5 Ng8 7. Bc4 Bb4 8. f4 N8e7 9. O-O O-O 10. f5 Bxc3
11. bxc3 Nxf5 12. Rxf5 d5 13. Bg5 Qe8 14. Rf2 dxc4 15. Qe2 Be6 16. Be3 Qe7 17. Rb1 Bd5 18. Rff1 Qa3 19. Bd2 Qxa2 20. Rbc1 Qa4
21. Qh5 Qd7 22. Rce1 Qc6 23. Rf2 Ne7 24. Re3 Qg6 25. Qh3 Be6 26. Qf3 Nf5 27. Re1 c6 28. Rb1 b5 29. Qxc6 a6 30. Ra1 Ne7
31. Qb7 Nd5 32. Be1 Ne3 33. Rxa6 Rxa6 34. Qxa6 Nxc2 35. Bd2 Ne1 36. Bxe1 Qe4 37. Rf1 Bd5 38. Qa2 h6 39. Qf2 Ra8 40. Qf3 Qxf3
41. gxf3 Ra1 42. Kf2 Ra2+ 43. Kg3 Ra1 44. f4 Ra2 45. h4 Ra3 46. Rf2 b4 47. Bd2 bxc3 48. Bc1 Rb3 49. f5 c2+ 50. Kf4 Rd3
51. Rd2 Rxd2 52. Bxd2 Kf8 53. Kg4 Ke7 54. Bb4+ Ke8 55. Ba3 g6 56. fxg6 fxg6 57. Bc1 Ke7 58. Bxh6 Kf7 59. Bc1 Kg7 60. Kg5 Kf7
61. Kf4 Kg7 62. Kg3 Kf7 63. Kf4= Ke6 64. Be3 Kf7=
1/2-1/2

[Event "Halloween in July"]
[Site "SchemingMind.com"]
[Date "2007.08.08"]
[Round "-"]
[White "pardesi"]
[Black "ivan"]
[Result "0-1"]
[WhiteCountry "USA"]
[BlackCountry "CRO"]
[WhiteElo "1491"]
[WhiteRD "61"]
[BlackElo "1681"]
[BlackRD "70"]
[GameID "115301"]

1. e4 e5 2. Nf3 Nc6 3. Nc3 Nf6 4. Nxe5 Nxe5 5. d4 Ng6 6. e5 Ng8 7. Bc4 Bb4 8. O-O N8e7 9. Qf3 O-O 10. Bd2 Nc6
11. Qd3 d5 12. exd6 Bxd6 13. Rae1 Nxd4 14. Qxd4 Bxh2+ 15. Kxh2 Qxd4 16. Bd3 b6
0-1

[Event "Halloween in July"]
[Site "SchemingMind.com"]
[Date "2007.08.04"]
[Round "-"]
[White "marble"]
[Black "ivan"]
[Result "0-1"]
[WhiteCountry "ENG"]
[BlackCountry "CRO"]
[WhiteElo "1679"]
[WhiteRD "56"]
[BlackElo "1723"]
[BlackRD "72"]
[GameID "115302"]

1. e4 e5 2. Nf3 Nc6 3. Nc3 Nf6 4. Nxe5 Nxe5 5. d4 Nc6 6. e5 Ng8 7. Bc4 d5 8. Bxd5 Bb4 9. Qf3 Be6 10. O-O Qd7
11. Bxc6 bxc6 12. Rd1 Ne7 13. Ne4 Bg4 14. Qg3 Bxd1 15. Qxg7 O-O-O 16. c3 Nf5 17. Qf6 Be7 18. Qxf7 Bc2 19. e6 Qd5 20. Bg5 Rdf8
21. Qh5 Bxe4 22. Bxe7 Nxe7 23. Qh3 Bxg2 24. Qd3 Rhg8 25. Qa6+ Kd8 26. f3 Qxf3
0-1

[Event "Halloween in July"]
[Site "SchemingMind.com"]
[Date "2007.08.06"]
[Round "-"]
[White "Dr_Pat"]
[Black "Brerrabbit"]
[Result "0-1"]
[WhiteCountry "USA"]
[BlackCountry "SCO"]
[WhiteElo "1476"]
[WhiteRD "57"]
[BlackElo "1378"]
[BlackRD "69"]
[GameID "115370"]

1. e4 e5 2. Nf3 Nc6 3. Nc3 Nf6 4. Nxe5 Nxe5 5. d4 Nxe4 6. Nxe4 d5 7. dxe5 dxe4 8. Qxd8+ Kxd8 9. Bc4 Be6 10. Bxe6 fxe6
11. Be3 g6 12. O-O-O+ Ke8 13. Rd4 Bc5 14. Rxe4 Bxe3+ 15. Rxe3 Rf8 16. f3 Rd8 17. Rd1 Rd5 18. Rxd5 exd5 19. e6 d4 20. e7 Rf7
21. Re4 Rxe7 22. Rxe7+ Kxe7 23. b4 Kd6 24. Kd2 c5 25. bxc5+ Kxc5 26. c3 Kc4 27. cxd4 Kxd4 28. Ke2 Kc3 29. Ke3 b5 30. f4 a5
0-1

[Event "Halloween in July"]
[Site "SchemingMind.com"]
[Date "2007.08.05"]
[Round "-"]
[White "Dr_Pat"]
[Black "jtrochez1"]
[Result "0-1"]
[WhiteCountry "USA"]
[BlackCountry "HON"]
[WhiteElo "1476"]
[WhiteRD "57"]
[BlackElo "1572"]
[BlackRD "47"]
[GameID "115371"]

1. e4 e5 2. Nf3 Nc6 3. Nc3 Nf6 4. Nxe5 Nxe5 5. d4 Ng6 6. e5 Ng8 7. Bc4 d6 8. Qf3 Be6 9. Bxe6 fxe6 10. Qxb7 dxe5
11. dxe5 Nxe5 12. Bf4 Bd6 13. Bxe5 Bxe5 14. Qb5+ Kf7 15. Qxe5 Nf6 16. Rd1 Qe7 17. O-O a6 18. Rfe1 Rhe8 19. Ne4 Nxe4 20. Rxe4 Kg8
21. Rde1 Qd7 22. Rg4 Re7 23. f4 Rf8 24. Rg5 Qd2 25. Qe2 Qxf4 26. Rf1 Qxg5
0-1

[Event "Halloween in July"]
[Site "SchemingMind.com"]
[Date "2007.08.10"]
[Round "-"]
[White "Dr_Pat"]
[Black "ghanafeast"]
[Result "0-1"]
[WhiteCountry "USA"]
[BlackCountry "GER"]
[WhiteElo "1543"]
[WhiteRD "52"]
[BlackElo "1605"]
[BlackRD "119"]
[GameID "115372"]

1. e4 e5 2. Nf3 Nc6 3. Nc3 Nf6 4. Nxe5 Nxe5 5. d4 Ng6 6. e5 Ng8 7. Bc4 d6 8. Qf3 Qe7 9. Nd5 Qd7 10. exd6 Bxd6
11. O-O N8e7 12. Nxe7 Qxe7 13. Re1 Qxe1+ 14. Bf1 Bf4
0-1

[Event "Halloween in July"]
[Site "SchemingMind.com"]
[Date "2007.08.08"]
[Round "-"]
[White "Dr_Pat"]
[Black "pardesi"]
[Result "1-0"]
[WhiteCountry "USA"]
[BlackCountry "USA"]
[WhiteElo "1476"]
[WhiteRD "57"]
[BlackElo "1491"]
[BlackRD "61"]
[GameID "115373"]

1. e4 e5 2. Nf3 Nc6 3. Nc3 Nf6 4. Nxe5 Nxe5 5. d4 Nc6 6. e5 Ng8 7. Bc4 d6 8. Qf3 f6 9. exd6 Nxd4 10. Qe4+ Be6
11. Bxe6 Nxc2+ 12. Qxc2 Qxd6 13. Qe4 c6 14. Bxg8+ Be7 15. Bxh7 O-O-O 16. Bf5+ Rd7 17. Bxd7+ Kxd7 18. O-O
1-0

[Event "Halloween in July"]
[Site "SchemingMind.com"]
[Date "2007.08.05"]
[Round "-"]
[White "Dr_Pat"]
[Black "marble"]
[Result "0-1"]
[WhiteCountry "USA"]
[BlackCountry "ENG"]
[WhiteElo "1476"]
[WhiteRD "57"]
[BlackElo "1706"]
[BlackRD "55"]
[GameID "115374"]

1. e4 e5 2. Nf3 Nc6 3. Nc3 Nf6 4. Nxe5 Nxe5 5. d4 Ng6 6. e5 Ng8 7. Bc4 d6 8. Qf3 Be6 9. Bxe6 fxe6 10. Qxb7 dxe5
11. dxe5 Nxe5 12. Bf4 Bd6 13. Bxe5 Rb8 14. Qxa7 Bxe5 15. Na4 Bd6 16. b3 Ne7 17. Qe3 Qc8 18. O-O O-O 19. Rfe1 e5 20. f4 Rxf4
21. Nc5 Nd5 22. Qe2 Bxc5+ 23. Kh1 Bd6
0-1

[Event "Halloween in July"]
[Site "SchemingMind.com"]
[Date "2007.08.06"]
[Round "-"]
[White "Dr_Pat"]
[Black "ivan"]
[Result "0-1"]
[WhiteCountry "USA"]
[BlackCountry "CRO"]
[WhiteElo "1476"]
[WhiteRD "57"]
[BlackElo "1681"]
[BlackRD "70"]
[GameID "115375"]

1. e4 e5 2. Nf3 Nc6 3. Nc3 Nf6 4. Nxe5 Nxe5 5. d4 Nc6 6. e5 Ng8 7. Bc4 Bb4 8. Qf3 d5 9. Bxd5 Qd7 10. Be3 Nxd4
11. Bxd4 c6 12. Bb3 Qf5 13. Qxf5 Bxf5 14. O-O O-O-O 15. Bxa7 Kc7 16. Bd4 Rxd4
0-1

[Event "Halloween in July"]
[Site "SchemingMind.com"]
[Date "2007.08.05"]
[Round "-"]
[White "Brerrabbit"]
[Black "Dr_Pat"]
[Result "0-1"]
[WhiteCountry "SCO"]
[BlackCountry "USA"]
[WhiteElo "1378"]
[WhiteRD "69"]
[BlackElo "1476"]
[BlackRD "57"]
[GameID "115377"]

1. e4 e5 2. Nf3 Nc6 3. Nc3 Nf6 4. Nxe5 Nxe5 5. d4 Nc6 6. e5 Ng8 7. Bc4 d6 8. exd6 Bxd6 9. Qf3 Qe7+ 10. Be3 Nxd4
11. Qd1 Nf5 12. Qf3 Nxe3 13. fxe3 Qh4+ 14. g3 Qxc4 15. O-O-O Nf6 16. Rhe1 Be5 17. Rd3 c6 18. Red1 Bg4 19. Qf1 Bxd1 20. Rd8+ Rxd8
21. Qxc4 Bxc3 22. Qxc3 O-O 23. b4 Ne4 24. Qe5 Rfe8 25. Qc7 Rd2 26. Qxb7 Red8 27. Kb2 Rxc2+ 28. Ka3 Rd3+
0-1

[Event "Halloween in July"]
[Site "SchemingMind.com"]
[Date "2007.08.05"]
[Round "-"]
[White "jtrochez1"]
[Black "Dr_Pat"]
[Result "1-0"]
[WhiteCountry "HON"]
[BlackCountry "USA"]
[WhiteElo "1572"]
[WhiteRD "47"]
[BlackElo "1476"]
[BlackRD "57"]
[GameID "115378"]

1. e4 e5 2. Nf3 Nc6 3. Nc3 Nf6 4. Nxe5 Nxe5 5. d4 Nc6 6. d5 Ne5 7. Be2 Bb4 8. f3 d6 9. Bd2 O-O 10. O-O Bc5+
11. Kh1 Bd7 12. a4 c6 13. Bg5 h6 14. Bh4 a5 15. Na2 cxd5 16. exd5 Ng6 17. Bf2 Bxf2 18. Rxf2 Bxa4 19. b3 Bd7 20. c4 Qb6
21. Rf1 Rfe8 22. Nc3 Nf4 23. Qc2 Nxe2 24. Nxe2 Nh5 25. Rae1 g6 26. f4 Bf5 27. Qc3 Re3 28. Qd4 Qxb3 29. Rg1 Rc8 30. Nc1 Qxc4
31. Qxe3 Qxd5 32. Rd1
1-0

[Event "Halloween in July"]
[Site "SchemingMind.com"]
[Date "2007.08.10"]
[Round "-"]
[White "ghanafeast"]
[Black "Dr_Pat"]
[Result "1-0"]
[WhiteCountry "GER"]
[BlackCountry "USA"]
[WhiteElo "1611"]
[WhiteRD "94"]
[BlackElo "1566"]
[BlackRD "47"]
[GameID "115379"]

1. e4 e5 2. Nf3 Nc6 3. Nc3 Nf6 4. Nxe5 Nxe5 5. d4 Nc6 6. d5 Ne5 7. f4 Ng6 8. e5 Ng8 9. d6 cxd6 10. exd6 Qf6
11. Ne4 Qe6 12. Qe2 Nf6 13. Nxf6+ gxf6 14. Kf2 Qxe2+ 15. Bxe2 Bxd6 16. f5 Ne7 17. g4 h5 18. Be3 hxg4 19. Bxg4 Be5 20. c3 Rxh2+
21. Rxh2 Bxh2 22. Rh1
1-0

[Event "Halloween in July"]
[Site "SchemingMind.com"]
[Date "2007.08.08"]
[Round "-"]
[White "pardesi"]
[Black "Dr_Pat"]
[Result "0-1"]
[WhiteCountry "USA"]
[BlackCountry "USA"]
[WhiteElo "1491"]
[WhiteRD "61"]
[BlackElo "1476"]
[BlackRD "57"]
[GameID "115380"]

1. e4 e5 2. Nf3 Nc6 3. Nc3 Nf6 4. Nxe5 Nxe5 5. d4 Nc6 6. e5 Ng8 7. Bc4 d6 8. Qh5 g6 9. Qf3 Qe7 10. O-O Nxd4
11. Qe4 dxe5 12. f4 Nf6 13. Qd3 Bf5 14. Qd2 O-O-O 15. fxe5 Qxe5 16. Re1 Qc5 17. Kh1 Nxc2 18. Nd5 Nxe1 19. Qxe1 Qxc4 20. Nxf6 Bb4
0-1

[Event "Halloween in July"]
[Site "SchemingMind.com"]
[Date "2007.08.05"]
[Round "-"]
[White "marble"]
[Black "Dr_Pat"]
[Result "1-0"]
[WhiteCountry "ENG"]
[BlackCountry "USA"]
[WhiteElo "1706"]
[WhiteRD "55"]
[BlackElo "1476"]
[BlackRD "57"]
[GameID "115381"]

1. e4 e5 2. Nf3 Nc6 3. Nc3 Nf6 4. Nxe5 Nxe5 5. d4 Nc6 6. e5 Ng8 7. Bc4 d6 8. Qf3 Qe7 9. O-O Nxd4 10. Qd3 Nc6
11. exd6 Qxd6 12. Qf3 Nf6 13. Re1+ Be7 14. Bf4 Qc5 15. Bb3 Nd4 16. Qg3 Nh5 17. Qe3 Nxf4 18. Qxf4 O-O 19. Na4 Qb4 20. c3 Ne6
21. Qxb4 Bxb4 22. cxb4 Nd4 23. Bd1 Bf5 24. Rc1 c6 25. Rc4 Rfe8 26. Re3 Bd3 27. Rxd4
1-0

[Event "Halloween in July"]
[Site "SchemingMind.com"]
[Date "2007.08.06"]
[Round "-"]
[White "ivan"]
[Black "Dr_Pat"]
[Result "1-0"]
[WhiteCountry "CRO"]
[BlackCountry "USA"]
[WhiteElo "1681"]
[WhiteRD "70"]
[BlackElo "1476"]
[BlackRD "57"]
[GameID "115382"]

1. e4 e5 2. Nf3 Nc6 3. Nc3 Nf6 4. Nxe5 Nxe5 5. d4 Nc6 6. e5 Ng8 7. Bb5 a6 8. Ba4 d6 9. Qf3 Bd7 10. Bb3 Be6
11. d5 Nxe5 12. Qe4 Nf6 13. Qe2 Bd7 14. O-O Be7 15. Re1 O-O 16. f4 Ng6 17. Ba4 Bxa4 18. Nxa4 Nxd5 19. f5 Ne5 20. b3 b5
21. Nb2 Nc3 22. Qd2 b4 23. a3 bxa3 24. Rxa3 Nb5 25. Ra1 Bg5 26. Qxg5
1-0

[Event "Halloween in July"]
[Site "SchemingMind.com"]
[Date "2007.08.06"]
[Round "-"]
[White "Spectraz"]
[Black "Brerrabbit"]
[Result "0-1"]
[WhiteCountry "SWE"]
[BlackCountry "SCO"]
[WhiteElo "1417"]
[WhiteRD "91"]
[BlackElo "1378"]
[BlackRD "69"]
[GameID "115385"]

1. e4 e5 2. Nf3 Nc6 3. Nc3 Nf6 4. Nxe5 Nxe5 5. h3 Nc6 6. d3 d5 7. Be3 Be6 8. Nxd5 Nxd5 9. exd5 Qxd5 10. Qd2 Bb4
11. c3 Be7 12. c4 Qe5 13. O-O-O Bb4 14. Qe2 O-O-O 15. f4 Qf6 16. a3 Bc3 17. bxc3 Qxc3+ 18. Qc2 Qxa3+ 19. Kd2 Nb4 20. Qc3 Qa2+
21. Ke1 Nc2+ 22. Kf2 Nxe3+ 23. Kxe3 Qa6 24. Qxg7 Qb6+ 25. Ke2 Rhe8 26. g4 Bxg4+ 27. Kd2 Bxd1 28. Bg2 Qa5+ 29. Kxd1 Rxd3+ 30. Kc2 Qd2+
31. Kb1 Re1+ 32. Rxe1 Qxe1+ 33. Ka2 Qa5+ 34. Kb2 Qa3+ 35. Kc2 Qb3+ 36. Kc1 Rd1#
0-1

[Event "Halloween in July"]
[Site "SchemingMind.com"]
[Date "2007.08.05"]
[Round "-"]
[White "Spectraz"]
[Black "jtrochez1"]
[Result "0-1"]
[WhiteCountry "SWE"]
[BlackCountry "HON"]
[WhiteElo "1390"]
[WhiteRD "90"]
[BlackElo "1524"]
[BlackRD "49"]
[GameID "115386"]

1. e4 e5 2. Nf3 Nc6 3. Nc3 Nf6 4. Nxe5 Nxe5 5. h3 d5 6. d4 Nc6 7. exd5 Nb8 8. Bb5+ c6 9. Qe2+ Qe7 10. dxc6 Qxe2+
11. Nxe2 bxc6 12. Ba4 Bd7 13. O-O Bd6 14. Re1 O-O 15. f3 Na6 16. a3 c5 17. dxc5 Bxc5+ 18. Kh1 Bxa4 19. b3 Be8 20. b4 Bxb4
21. axb4 Nxb4 22. Ba3 Nxc2 23. Bxf8 Nxe1 24. Bxg7 Kxg7 25. Rxe1 a5 26. Nf4 a4 27. Nd3 a3 28. Ra1 Nd5 29. Ra2 f6 30. Ne1 Bf7
31. Ra1 Ne3 32. Kg1 a2 33. Kf2 Nc4 34. Nd3 Nd2 35. Ke2 Nb1 36. Nb4 Bc4+ 37. Kf2 Ra4 38. Nxa2 Rxa2+ 39. Rxa2 Bxa2 40. g4 Kg6
41. Ke3 Nc3 42. Kf4 Bb1 43. h4 Nd5+ 44. Kg3 h6 45. h5+ Kh7 46. f4 Ne7 47. f5 Kg7 48. Kf4 Nd5+ 49. Kf3 Kf7 50. Ke2 Ke7
51. Kf3 Kd6 52. Ke2 Ke5 53. Kf2 Kf4 54. Ke2 Kxg4 55. Kd2 Kxf5 56. Kc1 Be4 57. Kb2 Kg5 58. Kb3 Kxh5 59. Kc4 Kg4 60. Kd4 Bg2
61. Kd3 h5 62. Ke2 h4 63. Kf2 h3 64. Kg1 Ne3 65. Kf2 Nd1+ 66. Kg1 f5 67. Kh2 f4 68. Kg1 Bf1 69. Kxf1 Kg3 70. Kg1 h2+
71. Kh1 Nf2#
0-1

[Event "Halloween in July"]
[Site "SchemingMind.com"]
[Date "2007.08.10"]
[Round "-"]
[White "Spectraz"]
[Black "ghanafeast"]
[Result "0-1"]
[WhiteCountry "SWE"]
[BlackCountry "GER"]
[WhiteElo "1347"]
[WhiteRD "88"]
[BlackElo "1629"]
[BlackRD "91"]
[GameID "115387"]

1. e4 e5 2. Nf3 Nc6 3. Nc3 Nf6 4. Nxe5 Nxe5 5. d4 Ng6 6. Bd3 Bb4 7. e5 Nd5 8. Bd2 Nxc3 9. Bxc3 Bxc3+ 10. bxc3 O-O
11. O-O b6 12. f4 Bb7 13. f5 Nh4 14. g3 Ng2 15. Qe2 a5 16. f6 g6 17. c4 d6 18. d5 Nh4 19. gxh4 h5 20. Qe3 Kh7
21. Qf3 Kg8 22. Qf4 Kh7 23. Rf2 Qd7 24. Qf3 Qg4+ 25. Qg3 Qxg3+ 26. hxg3 dxe5 27. a4 Rfd8 28. Re1 c6 29. Rxe5 cxd5 30. cxd5 Bxd5
31. Bxg6+ fxg6 32. f7 Kg7 33. f8=Q+ Rxf8 34. Rxf8 Rxf8 35. Rxd5 Rf6 36. Rd7+ Kf8 37. Rc7 Rf3 38. Kg2 Ra3 39. Rc8+ Kg7 40. Rb8 Rxa4
41. Rxb6 Rc4 42. Rb2 Kf6 43. Kf2 Kf5 44. Ke3 Kg4 45. Kf2 Kh3 46. Kf3 Rc3+ 47. Kf2 Rxg3 48. Ra2 Rc3 49. Rb2 Kxh4 50. Ke2 g5
51. Kd2 Rc5 52. Kd3 g4 53. c4 g3 54. Kd4 Rg5 55. c5 g2 56. Rxg2 Rxg2 57. c6 Rg7 58. Kd5 a4 59. Kd6 a3 60. c7 Rxc7
61. Kxc7 a2 62. Kd6 a1=Q 63. Ke6 Qa5 64. Kf6 Qd5 65. Kg6 Qe6+ 66. Kg7 Kg5 67. Kh8 Qe7 68. Kg8 Kh6 69. Kh8 Qf8#
0-1

[Event "Halloween in July"]
[Site "SchemingMind.com"]
[Date "2007.08.07"]
[Round "-"]
[White "Spectraz"]
[Black "pardesi"]
[Result "0-1"]
[WhiteCountry "SWE"]
[BlackCountry "USA"]
[WhiteElo "1415"]
[WhiteRD "89"]
[BlackElo "1478"]
[BlackRD "65"]
[GameID "115388"]

1. e4 e5 2. Nf3 Nc6 3. Nc3 Nf6 4. Nxe5 Nxe5 5. h3 c5 6. d3 d5 7. Nxd5 Nxd5 8. exd5 Qxd5 9. Qe2 b6 10. Bf4 Bd6
11. Bxe5 Qxe5 12. O-O-O Qxe2 13. Bxe2 O-O 14. Bg4 Bxg4 15. hxg4 Rae8 16. g3 Re2 17. f4 Rfe8 18. Rhg1 Rh2 19. c3 Ree2 20. f5 Rh3
21. g5 Bxg3 22. f6 Bf4+ 23. Kb1 Rhh2 24. g6 Rxb2+ 25. Ka1 Rxa2+ 26. Kb1 Rhb2#
0-1

[Event "Halloween in July"]
[Site "SchemingMind.com"]
[Date "2007.08.05"]
[Round "-"]
[White "Spectraz"]
[Black "Dr_Pat"]
[Result "0-1"]
[WhiteCountry "SWE"]
[BlackCountry "USA"]
[WhiteElo "1417"]
[WhiteRD "91"]
[BlackElo "1476"]
[BlackRD "57"]
[GameID "115389"]

1. e4 e5 2. Nf3 Nc6 3. Nc3 Nf6 4. Nxe5 Nxe5 5. h3 Nc6 6. Bc4 Nxe4 7. Nxe4 d5 8. Bb3 dxe4 9. Qe2 Nd4 10. Qxe4+ Qe7
11. Qxe7+ Bxe7 12. O-O Be6 13. a3 Bxb3 14. cxb3 Nxb3 15. Ra2 O-O-O 16. Re1 Bc5 17. Re7 Bxe7 18. a4 Nxc1 19. Ra1 Ne2+ 20. Kh2 Rxd2
21. Re1 Rxb2 22. g3 Rd8 23. f4 Nxf4+ 24. Kh1 Nxh3 25. g4 Nf2+ 26. Kg1 Bc5 27. g5 Nd3+ 28. Kf1 Rf2+ 29. Kg1 Nxe1 30. a5 Rd1
31. g6 Nd3#
0-1

[Event "Halloween in July"]
[Site "SchemingMind.com"]
[Date "2007.08.05"]
[Round "-"]
[White "Spectraz"]
[Black "marble"]
[Result "0-1"]
[WhiteCountry "SWE"]
[BlackCountry "ENG"]
[WhiteElo "1417"]
[WhiteRD "91"]
[BlackElo "1706"]
[BlackRD "55"]
[GameID "115390"]

1. e4 e5 2. Nf3 Nc6 3. Nc3 Nf6 4. Nxe5 Nxe5 5. d3 Bb4 6. Bd2 O-O 7. a3 Bxc3 8. Bxc3 d6 9. h3 b6 10. Bxe5 dxe5
11. Be2 Bb7 12. Qd2 Qe7 13. Qc3 c5 14. Bg4 Nxg4 15. hxg4 Qg5 16. f3 Qe3+ 17. Kd1 Rac8 18. Qe1 Qd4 19. Kc1 c4 20. Qh4 h6
21. g5 Qe3+ 22. Kb1 Qxg5 23. Qxg5 hxg5 24. Rh2 cxd3 25. cxd3 Rc6 26. Ka2 f5 27. Rah1 fxe4 28. dxe4 Kf7 29. Rh5 Rg6 30. Rd1 Bc8
31. Rd5 Be6 32. g4 Bxd5+ 33. exd5 Rh6 34. Rxg5 Re8 35. Rf5+ Kg8 36. b4 Rd6 37. Rf7 Kxf7 38. g5 Rxd5 39. Kb3 b5 40. a4 bxa4+
41. Kxa4 Rb8 42. f4 exf4 43. g6+ Kf6 44. b5 f3 45. b6 Rd4+ 46. Kb5 Rxb6+ 47. Kc5 Rd1 48. Kc4 f2 49. Kc5 Ke5 50. Kc4 f1=Q+
51. Kc5 Qb5#
0-1

[Event "Halloween in July"]
[Site "SchemingMind.com"]
[Date "2007.08.06"]
[Round "-"]
[White "Spectraz"]
[Black "ivan"]
[Result "0-1"]
[WhiteCountry "SWE"]
[BlackCountry "CRO"]
[WhiteElo "1415"]
[WhiteRD "89"]
[BlackElo "1723"]
[BlackRD "72"]
[GameID "115391"]

1. e4 e5 2. Nf3 Nc6 3. Nc3 Nf6 4. Nxe5 Nxe5 5. h3 d5 6. exd5 Nxd5 7. Nxd5 Qxd5 8. Qe2 Be6 9. b3 Nc6 10. c4 Qd4
11. Rb1 Bb4 12. a3 Be7 13. Bb2 Qc5 14. b4 Nxb4 15. axb4 Qxb4 16. Qd3 Qc5 17. Bd4 Qg5 18. Rxb7 Rd8 19. c5 O-O 20. h4 Qd5
21. Rxc7 Rfe8 22. Be2 Qxd4 23. Qxd4 Rxd4 24. Bb5 Red8 25. Rxe7 Rxd2 26. O-O Rc2 27. c6 Ra8 28. Ra1 a5 29. c7 a4 30. Rd1 Kf8
31. Re8+ Rxe8 32. Bxe8 Kxe8 33. Rd8+ Ke7 34. c8=Q Rxc8 35. Rxc8 Bxc8 36. g4 Bxg4 37. Kg2 a3 38. Kg3 Bh5 39. f4 a2 40. f5 a1=Q
41. Kf4 Qe1 42. f6+ gxf6 43. Kf5 Qe5#
0-1

[Event "Halloween in July"]
[Site "SchemingMind.com"]
[Date "2007.08.05"]
[Round "-"]
[White "Brerrabbit"]
[Black "Spectraz"]
[Result "0-1"]
[WhiteCountry "SCO"]
[BlackCountry "SWE"]
[WhiteElo "1378"]
[WhiteRD "69"]
[BlackElo "1417"]
[BlackRD "91"]
[GameID "115393"]

1. e4 e5 2. Nf3 Nc6 3. Nc3 Nf6 4. Nxe5 Nxe5 5. d4 Nc6 6. d5 Ne5 7. Bf4 d6 8. Bd3 Bd7 9. O-O c5 10. Bxe5 dxe5
11. d6 Bxd6 12. Nd5 Nxd5 13. exd5 Qg5 14. Qf3 O-O 15. Rae1 Rae8 16. Re3 f5 17. Rfe1 f4 18. Re4 Bg4 19. Qxg4 Qxg4 20. f3 Qg5
21. Bb5 Re7 22. c3 a6 23. Bd3 b5 24. Kf2 c4
0-1

[Event "Halloween in July"]
[Site "SchemingMind.com"]
[Date "2007.08.05"]
[Round "-"]
[White "jtrochez1"]
[Black "Spectraz"]
[Result "0-1"]
[WhiteCountry "HON"]
[BlackCountry "SWE"]
[WhiteElo "1522"]
[WhiteRD "48"]
[BlackElo "1415"]
[BlackRD "89"]
[GameID "115394"]

1. e4 e5 2. Nf3 Nc6 3. Nc3 Nf6 4. Nxe5 Nxe5 5. d4 Nc6 6. d5 Ne5 7. Bg5 h6 8. Bh4 Be7 9. Bxf6 Bxf6 10. Bd3 d6
11. f3 c5 12. O-O Bd7 13. Rb1 O-O 14. Be2 b5 15. Nxb5 a6 16. Nxd6 Bb5 17. Nf5 c4 18. c3 Nd3 19. Bxd3 cxd3 20. Re1 Qb6+
21. Kh1 Bg5 22. Qb3 d2 23. Red1 Rfb8 24. Qc2 Be2 25. Rxd2 Bxd2 26. Qxd2 Bc4 27. b3 Bb5 28. Rb2 a5 29. c4 Bd7 30. Ne7+ Kh7
31. e5 Rb7 32. d6 Qc5 33. f4 a4 34. h3 a3 35. Qd3+ g6 36. Re2 h5 37. g4 hxg4 38. hxg4 Bxg4 39. Rh2+ Kg7 40. Qg3 Bd1
41. Nf5+ Kg8 42. Qg5 Bf3+ 43. Rg2 Bxg2+ 44. Qxg2 Qc8 45. Ne7+ Rxe7 46. dxe7 Ra7 47. e8=Q+ Qxe8 48. Qg5 Rd7 49. Qg2 Rd1+ 50. Kh2 Rb1
51. Qd2 Rb2
0-1

[Event "Halloween in July"]
[Site "SchemingMind.com"]
[Date "2007.08.10"]
[Round "-"]
[White "ghanafeast"]
[Black "Spectraz"]
[Result "1-0"]
[WhiteCountry "GER"]
[BlackCountry "SWE"]
[WhiteElo "1611"]
[WhiteRD "94"]
[BlackElo "1390"]
[BlackRD "90"]
[GameID "115395"]

1. e4 e5 2. Nf3 Nc6 3. Nc3 Nf6 4. Nxe5 Nxe5 5. d4 Nc6 6. e5 Ng8 7. f4 Bb4 8. d5 Nce7 9. d6 cxd6 10. exd6 Nc6
11. Bc4 Nf6 12. O-O Bc5+ 13. Kh1 O-O 14. Bd2 Re8 15. Nb5 Rb8 16. Bc3 a6 17. Nc7 Re4 18. Bd5 Nxd5 19. Qxd5 Ra4 20. Qxc5 b6
21. Qg5 Qxg5 22. fxg5 b5 23. a3 g6 24. Rae1 Bb7 25. Re8+ Rxe8 26. Nxe8 Nd8 27. Nf6+ Kf8 28. Nxd7+ Kg8 29. Nf6+ Kf8 30. Nxh7+ Kg8
31. Nf6+ Kf8 32. Bb4 a5 33. Re1 Bc6 34. d7+ axb4 35. Re8+ Kg7 36. Rg8#
1-0

[Event "Halloween in July"]
[Site "SchemingMind.com"]
[Date "2007.08.08"]
[Round "-"]
[White "pardesi"]
[Black "Spectraz"]
[Result "1-0"]
[WhiteCountry "USA"]
[BlackCountry "SWE"]
[WhiteElo "1491"]
[WhiteRD "61"]
[BlackElo "1417"]
[BlackRD "91"]
[GameID "115396"]

1. e4 e5 2. Nf3 Nc6 3. Nc3 Nf6 4. Nxe5 Nxe5 5. d4 Nc6 6. e5 Ng8 7. Bc4 a6 8. O-O b5 9. Bb3 f6 10. exf6 Nxf6
11. Re1+ Be7 12. Bg5 h6 13. Bxf6 gxf6 14. Qh5+ Kf8 15. Qf7#
1-0